| 000 | 00454nam a2200181Ia 4500 | ||
|---|---|---|---|
| 008 | 180424s9999 xx 000 0 und d | ||
| 020 | _a9.79E+12 | ||
| 084 | _a658 A52 | ||
| 100 | _a"Allen, W Bruce" | ||
| 245 | 0 | _aManagerial Economics Theory Applications and Cases | |
| 250 | _a\\201000ENGGPSX | ||
| 260 | _aViva Books | ||
| 260 | _b2010 | ||
| 260 | _cNew Delhi | ||
| 300 | _a684 p. | ||
| 500 | _aincludes index and biblioraphy | ||
| 942 | _cBK | ||
| 999 |
_c90379 _d90379 |
||